00843 a2200217 4500003000500000005001700005010001300022040000900035082001700044100002700061245005400088260003300142300002900175505006900204600002700273650004400300942001200344999001900356952012500375952012500500Nust20230404154409.0 a68013086 cNust a629.8323,BAE aBaeck, Henry S.977189 aPractical servomechanism design /cHenry S. Baeck aMcGraw-HillbNew York,c1968 axix, 380 pbillusc23 cm aTheory and Systems (Page-1), Components and Hardware (Page-187). aBaeck, Henry S.977189 aPractical servomechanism design9111735 2ddccBK c183972d183972 00102ddc4070aMCSbMCScGENd2016-12-12o629.8323,BAEpMCS6157r2016-12-08w2016-12-12yBKzAlmirah No.74, Shelf No.7 00102ddc4070aMCSbMCScGENd2016-12-12o629.8323,BAEpMCS6161r2016-12-08w2016-12-12yBKzAlmirah No.74, Shelf No.7